Obras completas de Ramón del Valle Inclán

保存先:
書誌詳細
第一著者: Valle Inclán, Ramón del (著者)
フォーマット: 図書
言語:スペイン語
出版事項: Madrid Plenitvd 1954
主題:
タグ: タグ追加
タグなし, このレコードへの初めてのタグを付けませんか!

MARC

LEADER 00000nam a2200000 a 4500
001 UCQ6868
003 CL-VaPUC
008 981023e19540000SP |||||||||||||||||spa|d
082 0 4 |a 860  |b VAL  |2 21 
100 0 |a Valle Inclán, Ramón del  |e author  |9 315482 
245 1 0 |a Obras completas de Ramón del Valle Inclán 
300 |a v 
942 |c BK 
945 |d 19981023 00:00:00  |a crobeson 
260 |a Madrid  |b Plenitvd  |c 1954 
650 0 |a Literatura española  |9 306261 
650 0 |a Dramas españoles  |9 267081 
650 7 |a PROSAS ESPAÑOLAS  |2 CL-VaPUC  |9 267355 
583 |a last modification  |c 19981023 00:00:00  |k Rodrigo Vera 
999 |c 276769  |d 276767 
952 |0 0  |1 0  |4 0  |6 860_000000000000000_VAL_1954  |7 0  |8 A  |9 314233  |a BIBEDU  |b BIBEDU  |d 2019-11-20  |h v.1  |i 1484737  |o 860 VAL 1954  |p 1484737  |r 2019-11-20  |w 2019-11-20  |y BK  |k LIT 
952 |0 0  |1 0  |4 0  |6 860_000000000000000_VAL_1954  |7 0  |8 A  |9 314234  |a BIBEDU  |b BIBEDU  |d 2019-11-20  |h v.2  |i 1484745  |o 860 VAL 1954  |p 1484745  |r 2019-11-20  |w 2019-11-20  |y BK  |k LIT